| 000 | 00752nam a22002057a 4500 | ||
|---|---|---|---|
| 999 |
_c18660 _d18660 |
||
| 003 | AR-CdUCM | ||
| 008 | 190514b ||||| |||| 00| 0 spa d | ||
| 040 |
_aMUNICIPALIDAD PROVINCIAL DEL CUSCO _cBIBLIOTECA MUNICIPAL DEL CUSCO |
||
| 082 |
_a146 / _bM32 |
||
| 100 |
_aMayo, Henry B. _939384 |
||
| 245 | _aIntroducción a la teoría Marxista / | ||
| 260 |
_aMexico : _bTrillas, _c1966. |
||
| 300 |
_a346 páginas ; _c22 cm. |
||
| 505 | _aEl hombre y su obra Carlos Marx -- Materialismo dialéctico: la filosofia fundamental del marxismo -- La luchas de clases -- El marxismo como filosofia de la Historia... | ||
| 650 |
_aMarxismo. _924 |
||
| 650 |
_aLucha de Clases. _96887 |
||
| 650 |
_aMaterialismo. _95459 |
||
| 942 |
_2ddc _cLIBROS |
||
| 945 | _awfj | ||